000 01319namaa2200325 i 4500
005 20260405134550.0
008 260405s1994 ua ao||frm||| 00| 0 eng d
040 _aEG-GICUC
_beng
_cEG-GICUC
_dEG-GICUC
_erda
041 0 _aeng
_beng
_bara
049 _aDeposit
097 _aM.Sc
099 _aCai01.11.25.M.Sc.1994.Ib.I
100 0 _aIbrahim Mohamed El Kordy
_epreparation.
245 1 0 _aIntoeing gaIt /
246 1 5 _aBY Ibrahim Mohamed El Kordy ; Supervised By Prof. Dr. Ahmed El Sharkawy, Prof. Dr. Mohamed Abd el Khalek.
_bالمشى ذات أصابع القدم المتجهة للداخل
264 0 _c1994.
300 _a120 pages :
_billustrations ;
_c30 cm. +
336 _2rda content
_atext
337 _2rdamedia
_aUnmediated
338 _2rdacarrier
_avolume
502 _aThesis (M.Sc.)-Cairo University, 1994.
504 _aBibliography: pages 108-120
653 0 _aorthopaedic surgery
653 0 _aIntoeing gaIt
700 0 _aProf. Dr. Ahmed El Sharkawy.
_ethesis advisor.
700 0 _aProf. Dr. Mohamed Abd el Khalek.
_ethesis advisor.
900 _DDepartment of orthopaedic surgery
_FFaculty of medicine
_UCairo University
_b1994
_cProf. Dr. Ahmed El Sharkawy.
_cProf. Dr. Mohamed Abd el Khalek.
_dProf. Dr. Ahmed El Sharkawy.
905 _aNermeen-A
942 _2ddc
_cTH
_e21
_n0
999 _c179206